| 000 | 00659nam a2200217I 4500 | ||
|---|---|---|---|
| 008 | |||
| 020 | _a273403230 (pbk.) | ||
| 049 | _aMAIN | ||
| 090 |
_aTA681.5 _bRAM |
||
| 100 | 1 | _aRamakrishnan, V. | |
| 245 | 1 | 0 |
_aUltimate strength design for structural concrete _c[by] V. Ramakrishnan [and] P. D. Arthur. |
| 260 |
_aLondon : _bPitman , _c1969. |
||
| 300 |
_axv, 264 p. : _bill. ; _c23 cm. |
||
| 650 | 0 | _aReinforced concrete construction. | |
| 700 | 1 | _aArthur, Peter Drummond. | |
| 907 |
_a.b10171319 _b23-04-12 _c16-08-05 |
||
| 003 | |||
| 005 | 20230123134103.0 | ||
| 040 | _cNUST | ||
| 942 |
_cBOOKS _kTA681.5 _mRAM |
||
| 999 |
_c159817 _d159817 |
||